[Event "Bangabandhu-chT"]
[Site "Dhaka"]
[Date "2024.02.05"]
[Round "5.1"]
[White "Alam, Md Monjur"]
[Black "Pranav, V."]
[Result "0-1"]
[WhiteElo "1890"]
[BlackElo "2611"]
[PlyCount "70"]
[EventDate "2024.02.01"]
[EventType "team-tourn"]
[EventRounds "11"]
[EventCountry "BAN"]
[SourceTitle "CB06_2024"]
[SourceDate "2024.02.07"]
[SourceVersion "1"]
[SourceVersionDate "2024.02.07"]
[SourceQuality "1"]
[WhiteTeam "Uttara Central CC"]
[BlackTeam "Bangladesh Biman"]
[WhiteTeamCountry "BAN"]
[BlackTeamCountry "BAN"]

1. d4 Nf6 2. c4 c5 3. d5 e6 4. Nc3 exd5 5. cxd5 d6 6. Nf3 g6 7. Bg5 Bg7 8. e3 0-0 9. Be2 h6 10. Bh4 Bg4 11. 0-0 Bxf3 12. Bxf3 Nbd7 13. Bg3 Qe7 14. Re1 a6 15. a4 Ne8 16. Qc2 Rb8 17. a5 Nc7 18. Rab1 b6 19. axb6 Rxb6 20. b4 Rxb4 21. Rxb4 cxb4 22. Na2 b3 23. Qxb3 Rb8 24. Qc4 Nc5 25. Nb4 Qf6 26. Nc6 Rb2 27. h3 Nb5 28. e4 Qc3 29. Qxc3 Bxc3 30. Rc1 Nb3 31. Rd1 f6 32. Bg4 a5 33. Rd3 Nc5 34. Re3 a4 35. Bxd6 a3 0-1

[Event "BAN-chT Premier"]
[Site "Dhaka"]
[Date "2022.12.07"]
[Round "8.5"]
[White "Pantsulaia, Levan"]
[Black "Alam, Md Monjur"]
[Result "1-0"]
[WhiteElo "2597"]
[BlackElo "1848"]
[PlyCount "63"]
[EventDate "2022.11.30"]
[EventType "team-tourn"]
[EventRounds "11"]
[EventCountry "BAN"]
[SourceTitle "CBM 211 Extra"]
[Source "ChessBase"]
[SourceDate "2023.01.31"]
[SourceVersion "1"]
[SourceVersionDate "2023.01.31"]
[SourceQuality "1"]
[WhiteTeam "Palli Sanchoy Bank"]
[BlackTeam "Uttara Central CC"]
[WhiteTeamCountry "BAN"]
[BlackTeamCountry "BAN"]

1. Nf3 Nf6 2. g3 g6 3. b3 Bg7 4. Bb2 d6 5. d4 0-0 6. Bg2 c6 7. 0-0 Qc7 8. c4 Nbd7 9. Nc3 e5 10. d5 c5 11. e4 a6 12. a4 Ne8 13. Ra2 h6 14. Ba1 Ndf6 15. Ne1 Nh7 16. Nd3 Qe7 17. f4 f6 18. h4 Kh8 19. Kh2 Rg8 20. a5 Bd7 21. Na4 Nf8 22. Nb6 Rb8 23. Raf2 f5 24. fxe5 dxe5 25. Bh3 f4 26. Nxd7 Nxd7 27. gxf4 exf4 28. Bxd7 Qxd7 29. Ne5 Qc7 30. Nxg6+ Kh7 31. e5 Qf7 32. h5 1-0

[Event "BAN-chT Premier"]
[Site "Dhaka"]
[Date "2022.12.04"]
[Round "5.2"]
[White "Sandipan, Chanda"]
[Black "Alam, Md Monjur"]
[Result "1-0"]
[WhiteElo "2474"]
[BlackElo "1848"]
[PlyCount "67"]
[EventDate "2022.11.30"]
[EventType "team-tourn"]
[EventRounds "11"]
[EventCountry "BAN"]
[SourceTitle "CBM 211 Extra"]
[Source "ChessBase"]
[SourceDate "2023.01.31"]
[SourceVersion "1"]
[SourceVersionDate "2023.01.31"]
[SourceQuality "1"]
[WhiteTeam "Bangladesh Police"]
[BlackTeam "Uttara Central CC"]
[WhiteTeamCountry "BAN"]
[BlackTeamCountry "BAN"]

1. d4 Nf6 2. c4 g6 3. Nc3 Bg7 4. e4 d6 5. Be2 0-0 6. Bg5 Nc6 7. d5 Nb4 8. Nf3 c5 9. h3 h6 10. Be3 Ne8 11. a3 Na6 12. Qd2 Kh7 13. 0-0 Bd7 14. Rab1 b6 15. b4 Rb8 16. b5 Nac7 17. Nh2 e5 18. f4 Qe7 19. f5 g5 20. h4 Bf6 21. Ng4 Rg8 22. Kf2 gxh4 23. Bxh6 Bg5 24. Bxg5 Qxg5 25. Qxg5 Rxg5 26. Rh1 Kg7 27. Rxh4 Nf6 28. Nxf6 Kxf6 29. Rh6+ Ke7 30. f6+ Kf8 31. Bh5 Rg8 32. Rh7 Be8 33. Nd1 a6 34. bxa6 1-0

[Event "Dhaka Chowdhury Memorial Rating"]
[Site "Dhaka"]
[Date "2019.05.07"]
[Round "4"]
[White "Alam, Md Monjur"]
[Black "Md, Sariatullah"]
[Result "0-1"]
[WhiteElo "2041"]
[BlackElo "2018"]
[PlyCount "57"]
[EventDate "2019.05.04"]
[EventType "swiss"]
[EventRounds "9"]
[EventCountry "BAN"]
[SourceTitle "CBM 190 Extra"]
[Source "ChessBase"]
[SourceDate "2019.07.15"]
[SourceVersion "1"]
[SourceVersionDate "2019.07.15"]
[SourceQuality "1"]

1. d4 b6 2. c4 e6 3. Nc3 Bb7 4. Bf4 Nf6 5. e3 d5 6. cxd5 exd5 7. Nf3 Bd6 8. Bg3 0-0 9. Bd3 Ne4 10. Qc2 Re8 11. 0-0 Bxg3 12. hxg3 Nd7 13. Rac1 Rc8 14. Rfe1 Re6 15. Qb3 Ndf6 16. Ne5 c5 17. Qd1 cxd4 18. exd4 a6 19. Ne2 Nd7 20. Rxc8 Qxc8 21. Nxd7 Qxd7 22. f3 Nd6 23. b3 Qe7 24. Kf2 Qf6 25. Qc2 Ne4+ 26. Kg1 Nxg3 27. Qc7 Nxe2+ 28. Rxe2 Qxd4+ 29. Kh2 0-1

[Event "Dhaka Walton op"]
[Site "Dhaka"]
[Date "2018.06.04"]
[Round "9"]
[White "Alam, Md Monjur"]
[Black "Rahman, Syed Mahfuzur"]
[Result "1/2-1/2"]
[WhiteElo "2077"]
[BlackElo "2188"]
[PlyCount "120"]
[EventDate "2018.05.26"]
[EventType "swiss"]
[EventRounds "9"]
[EventCountry "BAN"]
[SourceTitle "CBM 184 Extra"]
[Source "ChessBase"]
[SourceDate "2018.06.28"]
[SourceVersion "1"]
[SourceVersionDate "2018.06.28"]
[SourceQuality "1"]

1. d4 d5 2. c4 c6 3. Nc3 Nf6 4. Nf3 a6 5. cxd5 cxd5 6. Bg5 Ne4 7. Bd2 Nc6 8. e3 Nxd2 9. Qxd2 Bg4 10. Be2 e6 11. 0-0 Rc8 12. Rac1 Qa5 13. h3 Bh5 14. Rfe1 Be7 15. a3 0-0 16. Qd1 b5 17. Nd2 Bg6 18. Nb3 Qb6 19. Bd3 Na5 20. Bxg6 hxg6 21. Nxa5 Qxa5 22. Na2 Rc4 23. Rxc4 bxc4 24. Re2 Rb8 25. Qc2 Bf6 26. Nb4 Qb5 27. Qc3 a5 28. Na2 g5 29. g3 Re8 30. Qd2 Rd8 31. Nc3 Qb3 32. f4 gxf4 33. gxf4 Kf8 34. Qc2 Ke7 35. Qxb3 cxb3 36. Na4 Rc8 37. Nc5 Rxc5 38. dxc5 Kd7 39. Kf2 Bh4+ 40. Kf3 f5 41. Rd2 Kc6 42. Rd3 a4 43. Rd4 Bf6 44. Rxa4 Bxb2 45. Rb4 Bxa3 46. Rxb3 Bxc5 47. Rb8 Be7 48. Rg8 Bf6 49. Rf8 Kd7 50. Rf7+ Kd6 51. Kg3 e5 52. fxe5+ Kxe5 53. Kf3 g5 54. Rf8 Ke6 55. Re8+ Kf7 56. Ra8 Be5 57. Ra6 Ke7 58. Ra7+ Ke6 59. Ra6+ Ke7 60. Ra5 Ke6 1/2-1/2

[Event "BAN-chT"]
[Site "Dhaka"]
[Date "2015.12.09"]
[Round "4.3"]
[White "Alam, Md Monjur"]
[Black "Md Abzid, Rahman"]
[Result "1/2-1/2"]
[WhiteElo "2097"]
[BlackElo "2020"]
[PlyCount "131"]
[EventDate "2015.12.06"]
[EventType "team-tourn"]
[EventRounds "9"]
[EventCountry "BAN"]
[SourceTitle "EXT 2017"]
[Source "ChessBase"]
[SourceDate "2016.10.25"]
[SourceVersion "1"]
[SourceVersionDate "2016.10.25"]
[SourceQuality "1"]
[WhiteTeam "Leonine CC"]
[BlackTeam "Sonali Bank Sports"]
[WhiteTeamCountry "BAN"]
[BlackTeamCountry "BAN"]

1. d4 Nf6 2. c4 e6 3. Nc3 Bb4 4. Bd2 b6 5. Nf3 Bb7 6. e3 0-0 7. Be2 d5 8. 0-0 Nbd7 9. Rc1 c5 10. a3 Bxc3 11. Bxc3 Ne4 12. Nd2 Nxc3 13. bxc3 Qe7 14. Qb3 Nf6 15. Rfe1 Ne4 16. Nf1 Rac8 17. f3 Nd6 18. Nd2 Qg5 19. f4 Qxg2+ 20. Kxg2 dxc4+ 21. Bf3 cxb3 22. Bxb7 b2 23. Rb1 Nxb7 24. Rxb2 cxd4 25. cxd4 Rc3 26. Nb1 Rc7 27. Kf3 f5 28. a4 Nd6 29. Na3 Rfc8 30. Nb5 Nxb5 31. axb5 Rc2 32. Reb1 Kf7 33. h3 Kf6 34. Rb3 Rh2 35. Kg3 Rcc2 36. Rg1 Rb2 37. Ra3 Ra2 38. Rb3 Rhc2 39. Kf3 Rab2 40. Ra3 Rc7 41. Rga1 Rxb5 42. Rxa7 Rxa7 43. Rxa7 h6 44. h4 Rb1 45. Rb7 g6 46. Rh7 h5 47. Rb7 b5 48. Rb6 Ke7 49. Ke2 b4 50. d5 exd5 51. Rxg6 b3 52. Kd2 Rh1 53. Rb6 Rxh4 54. Rxb3 Rh1 55. Kd3 h4 56. Kd4 h3 57. Ke5 h2 58. Rb7+ Kf8 59. Rh7 d4 60. Kf6 Kg8 61. Rg7+ Kf8 62. Rg2 dxe3 63. Kxf5 Rf1 64. Rxh2 Rf2 65. Rh3 e2 66. Re3 1/2-1/2

[Event "BAN-chT"]
[Site "Dhaka"]
[Date "2015.12.07"]
[Round "2.2"]
[White "Ghosh, Diptayan"]
[Black "Alam, Md Monjur"]
[Result "1-0"]
[WhiteElo "2550"]
[BlackElo "2097"]
[PlyCount "77"]
[EventDate "2015.12.06"]
[EventType "team-tourn"]
[EventRounds "9"]
[EventCountry "BAN"]
[SourceTitle "EXT 2017"]
[Source "ChessBase"]
[SourceDate "2016.10.25"]
[SourceVersion "1"]
[SourceVersionDate "2016.10.25"]
[SourceQuality "1"]
[WhiteTeam "Sheikh Russel Memorial"]
[BlackTeam "Leonine CC"]
[WhiteTeamCountry "BAN"]
[BlackTeamCountry "BAN"]

1. d4 Nf6 2. c4 g6 3. g3 Bg7 4. Bg2 d6 5. Nc3 0-0 6. Nf3 c6 7. 0-0 Qc7 8. h3 Nbd7 9. e4 e5 10. Be3 Re8 11. Qc2 Nf8 12. Rad1 Kh8 13. Rd2 Nh5 14. c5 dxc5 15. dxe5 Ne6 16. Ne2 Bf8 17. Ne1 b6 18. g4 Nhg7 19. f4 Ba6 20. Nf3 Rad8 21. Rfd1 Rxd2 22. Rxd2 Rd8 23. f5 Bxe2 24. Rxe2 Nd4 25. Bxd4 cxd4 26. Rd2 Bc5 27. Qc4 a5 28. Kh1 Qa7 29. a4 Qd7 30. Bf1 h6 31. e6 fxe6 32. f6 Ne8 33. Ne5 Qh7 34. Qxe6 Nd6 35. Nxc6 Re8 36. Ne7 g5 37. Bd3 Qf7 38. Qe5 Nc8 39. Bc4 1-0

[Event "BAN-chT"]
[Site "Dhaka"]
[Date "2013.11.10"]
[Round "9"]
[White "Haque, Rezaul"]
[Black "Alam, Md Monjur"]
[Result "1-0"]
[WhiteElo "2154"]
[BlackElo "2115"]
[PlyCount "57"]
[EventDate "2013.11.02"]
[EventType "team-tourn"]
[EventRounds "9"]
[EventCountry "BAN"]
[SourceTitle "CBM 157 Extra"]
[Source "ChessBase"]
[SourceDate "2013.12.19"]
[SourceVersion "1"]
[SourceVersionDate "2013.12.19"]
[SourceQuality "1"]

1. Nf3 Nf6 2. d3 g6 3. Bg5 Bg7 4. c3 d6 5. e4 Nc6 6. Nbd2 0-0 7. a4 Bd7 8. Be2 e5 9. 0-0 h6 10. Bh4 Ne7 11. Re1 g5 12. Bg3 Ng6 13. Bf1 Qe7 14. d4 Nh7 15. dxe5 dxe5 16. Nc4 Bc6 17. Nfd2 b6 18. Qc2 Rad8 19. f3 Nf4 20. Ne3 Bd7 21. b4 Nf6 22. a5 b5 23. Nb3 a6 24. Bf2 Bc8 25. Nf5 Qe6 26. Bc5 Rfe8 27. Be7 Qc6 28. Bxd8 Bxf5 29. Bxf6 1-0

[Event "BAN-ch 30th"]
[Site "Dhaka"]
[Date "2004.04.09"]
[Round "12"]
[White "Alam, Md Monjur"]
[Black "Islam, Mohammad Aminul"]
[Result "0-1"]
[WhiteElo "2182"]
[BlackElo "2149"]
[PlyCount "66"]
[EventDate "2004.03.28"]
[EventType "tourn"]
[EventRounds "13"]
[EventCountry "BAN"]
[EventCategory "2"]
[SourceTitle "CBM 099 Extra"]
[Source "ChessBase"]
[SourceDate "2004.05.04"]
[SourceVersion "1"]
[SourceVersionDate "2004.05.04"]
[SourceQuality "1"]

1. d4 d6 2. c4 Nf6 3. Nc3 Nbd7 4. e4 e5 5. d5 Nc5 6. f3 a5 7. Be3 Bd7 8. Nge2 c6 9. Nc1 cxd5 10. cxd5 a4 11. Nd3 Nxd3+ 12. Bxd3 Qa5 13. Qd2 Be7 14. 0-0 0-0 15. Rfc1 Rfc8 16. a3 Bd8 17. Qf2 g6 18. Kh1 Nh5 19. g3 f5 20. f4 exf4 21. gxf4 fxe4 22. Bxe4 Nf6 23. Bf3 Ng4 24. Bxg4 Bxg4 25. Qg2 Bf5 26. Ne4 Qa6 27. Ng3 Rxc1+ 28. Rxc1 Qd3 29. Nxf5 Qxf5 30. Rc4 Bf6 31. Bc1 Re8 32. h3 Re1+ 33. Kh2 Rxc1 0-1

[Event "BAN-ch 30th"]
[Site "Dhaka"]
[Date "2004.03.28"]
[Round "1"]
[White "Alam, Md Monjur"]
[Black "Rahman, Ziaur"]
[Result "0-1"]
[WhiteElo "2182"]
[BlackElo "2492"]
[PlyCount "82"]
[EventDate "2004.03.28"]
[EventType "tourn"]
[EventRounds "13"]
[EventCountry "BAN"]
[EventCategory "2"]
[SourceTitle "CBM 099 Extra"]
[Source "ChessBase"]
[SourceDate "2004.05.04"]
[SourceVersion "1"]
[SourceVersionDate "2004.05.04"]
[SourceQuality "1"]

1. d4 d6 2. c4 e5 3. d5 g6 4. Nc3 Bg7 5. Nf3 a5 6. e4 Nf6 7. Bd3 0-0 8. Bg5 h6 9. Bd2 Na6 10. Qe2 Nc5 11. Bc2 c6 12. h3 Bd7 13. Be3 cxd5 14. cxd5 Qb6 15. Rb1 Rfc8 16. 0-0 Qd8 17. Qd2 Kh7 18. Rfc1 b5 19. Bxc5 Rxc5 20. Bd3 Be8 21. Nd1 Nd7 22. Qe2 Qb6 23. Nc3 Nf6 24. Nd2 Nh5 25. Qe3 Bf6 26. Rd1 Bg5 27. Qe1 Nf4 28. Bf1 b4 29. Ne2 Nd3 30. Nc4 Qa6 31. Rxd3 Qxc4 32. Ng3 Qxa2 33. Rf3 Rac8 34. Ne2 Kg7 35. Qd1 Bb5 36. Kh2 Bxe2 37. Bxe2 Rc1 38. Rxc1 Rxc1 39. Qd3 Qa1 40. Qa6 Bf4+ 41. Rxf4 exf4 0-1

[Event "BAN-ch 29th"]
[Site "Dhaka"]
[Date "2003.03.31"]
[Round "5"]
[White "Rahman, Md Taibur"]
[Black "Alam, Md Monjur"]
[Result "0-1"]
[WhiteElo "2300"]
[BlackElo "2133"]
[PlyCount "90"]
[EventDate "2003.03.28"]
[EventType "tourn"]
[EventRounds "13"]
[EventCountry "BAN"]
[EventCategory "2"]
[SourceTitle "CBM 093 Extra"]
[Source "ChessBase"]
[SourceDate "2003.05.09"]
[SourceVersion "1"]
[SourceVersionDate "2003.05.09"]
[SourceQuality "1"]

1. d4 d5 2. c4 c6 3. Nf3 e6 4. Nc3 Nf6 5. Bg5 Nbd7 6. e3 Bb4 7. cxd5 cxd5 8. Qb3 Qa5 9. Nd2 a6 10. Bd3 0-0 11. 0-0 h6 12. Bh4 Bd6 13. f4 b5 14. Nf3 Bb7 15. Ne5 Rfe8 16. Qd1 Be7 17. Rf3 Qb4 18. Be1 Qd6 19. Rg3 Bf8 20. Rc1 Rac8 21. Bb1 Nb6 22. Rf3 b4 23. Ne2 Rxc1 24. Nxc1 Ne4 25. Nb3 Qc7 26. Nd3 Nc4 27. Bxb4 Bxb4 28. Nxb4 Nxb2 29. Qc2 Qxc2 30. Bxc2 Rc8 31. Bxe4 dxe4 32. Rf1 Rc3 33. Na5 Bd5 34. Rb1 Nd3 35. Nxd5 exd5 36. g4 Rc2 37. Rb6 Re2 38. Nc6 Rxe3 39. Ne7+ Kh7 40. Nxd5 Re1+ 41. Kg2 Re2+ 42. Kg3 Rxa2 43. Rb7 Ra3 44. Kg2 Ra5 45. Rd7 Rxd5 0-1